000 00549nam a2200193Ia 4500
005 20250326144842.0
008 250326s9999 xx 000 0 und d
020 _a81-203-2947-3
037 _aTextbook
040 _aFMSL
_beng
_cFMSL
041 _aeng
_2eng
084 _aX:8 P6
_qFMSL
100 _aSteers Richard M.
245 0 _aManaging in the Global Economy
_cSteers Richard M.; Nardon Luciara
260 _aNew Delhi
_bNew Delhi, Prentice-Hall
_c2006
300 _axv,383
942 _cTB
_hX:8 P6
999 _c1305312
_d1305312